A magyar háztartások fogyasztási és megtakarítási szokásai 2008 - 2014 között

Bibliographic Details
Main Author: Szabó Petra
Other Authors: Kajári Dr. Karolina
Format: Project work
Kulcsszavak:Háztartás
fogyasztási szokások
megtakarítási szokások
Életszínvonal
Online Access:http://dolgozattar.uni-bge.hu/2789

MARC

LEADER 00000nnm a2200000 i 4500
001 dolg2789
005 20150915152410.0
008 150519suuuu hu o 000 hun d
040 |a BGE Dolgozattár Repozitórium  |b hun 
041 |a hu 
100 1 |a Szabó Petra 
245 1 2 |a A magyar háztartások fogyasztási és megtakarítási szokásai 2008 - 2014 között  |c Szabó Petra  |h [elektronikus dokumentum] 
516 |a Project_work 
695 |a Háztartás 
695 |a fogyasztási szokások 
695 |a megtakarítási szokások 
695 |a Életszínvonal 
700 1 |a Kajári Dr. Karolina  |e ths 
856 4 0 |u http://dolgozattar.uni-bge.hu/2789/1/Projektmunka_Szab%C3%B3-Petra.pdf  |z Dokumentum-elérés